000 00284nam a2200109Ia 4500
008 180205s9999 xx 000 0 und d
020 _a1570761159
100 _aNicol, Gloria
245 4 _aThe linen cupboard /
260 _aUSA
_bTrafalgar Square publishing
_c1998
300 _a80 pages
999 _c354704
_d354704